| 000 | 01295nam a2200289 a 4500 | ||
|---|---|---|---|
| 003 | OSt | ||
| 005 | 20230517094805.0 | ||
| 007 | cr ||||||a|c|a | ||
| 008 | 230515s2019 mx a|||fom||| 001 0 spa d | ||
| 040 | _erda | ||
| 100 | 1 |
_9187007 _aMartínez López, Germán Fernando |
|
| 245 | 1 | 0 |
_aAnálisis preliminar de los procesos de elaboración de conservas para la sustentabilidad hídrica y energética / _cpor Germán Fernando Martínez López; director de tesis Alejandro S. Sánchez Vélez. |
| 264 | 1 |
_aChapingo, México : _bEl autor, _c2019. |
|
| 300 |
_a1 recurso en línea (95 páginas): _bcuadros, figuras. |
||
| 336 |
_2rdacontent _atexto _btxt |
||
| 337 |
_2rdamedia _acomputadora _bc |
||
| 338 |
_2rdacarrier _arecurso en línea _bcr |
||
| 502 |
_bIAEF _cFitotecnia _d2019. _gLIC |
||
| 504 | _aIncluye referencias bibliográficas: páginas 89-92. | ||
| 650 | 4 |
_9186960 _aAhorro de energía eléctrica |
|
| 650 | 4 |
_92401 _aAgua _xUtilización |
|
| 650 | 4 |
_9187011 _aFrutas en conserva _xAgua requerida |
|
| 650 | 4 |
_9185507 _aIndustria alimentaria _xAdministración |
|
| 700 | 1 |
_9107932 _aSánchez Vélez, Alejandro S. _eDirector de tesis. |
|
| 856 |
_uhttp://10.13.5.2/tesis/tl/Martin_Lopez_German_Fernando.pdf _zDESCARGAR PDF |
||
| 942 |
_2Clasificación Universidad Autónoma Chapingo _cTD |
||
| 999 |
_c218738 _d218738 |
||